Apprendre les couleurs en luxembourgeois - Statistiques

Statistiques générales
  • Ce quiz a été pris 12 fois
  • Le résultat moyen est 9 sur 15
Statistiques - réponses
Français Luxembourgeois % Correct
Noir Schwaarz
89%
Bleu Blo
78%
Orange Orange
78%
Rose Rosa
78%
Rouge Rout
78%
Blanc Wäiss
78%
Gris Gro
67%
Bleu clair Hellblo
67%
Brun Brong
56%
Bleu foncé Donkelblo
56%
Vert Gréng
56%
Jaune Giel
44%
Bleu ciel Himmelblo
33%
Violet Violett
33%
Doré Gëllen
11%
Aucun quiz correspondant
Distribution des résultats
% des personnes avec chaque résultat
Percentile par nombre de réponses
Votre historique - résultats
Vous n’avez pas pris ce quiz